Top 100 Footballers 2018 - Statistics

General Stats
  • This quiz has been taken 84 times
  • The average score is 61 of 100
Answer Stats
Answer % Correct
Cristiano Ronaldo
100%
Lionel Messi
100%
Antoine Griezmann
99%
Kylian Mbappé
99%
Eden Hazard
96%
Harry Kane
96%
Luka Modrić
96%
Mohamed Salah
96%
Neymar
96%
Luis Suárez
94%
Thorgan Hazard
94%
Kevin De Bruyne
90%
Sergio Ramos
89%
Robert Lewandowski
87%
Romelu Lukaku
86%
Sadio Mané
86%
Sergio Agüero
86%
Paulo Dybala
85%
Paul Pogba
85%
David De Gea
83%
Gareth Bale
83%
Raheem Sterling
83%
Bernardo Silva
82%
David Silva
82%
Jan Oblak
82%
Roberto Firmino
82%
Virgil Van Dijk
82%
Dele Alli
80%
Gerard Piqué
80%
N’Golo Kanté
80%
Edinson Cavani
79%
Marco Reus
79%
Pierre-Emerick Aubameyang
76%
Toni Kroos
76%
Leroy Sané
73%
Alisson
72%
Thibaut Courtois
70%
Ederson
69%
Giorgio Chiellini
69%
Ángel Di Maria
68%
Christian Eriksen
68%
Dries Mertens
68%
Hugo Lloris
68%
Raphaël Varane
66%
Jordi Alba
65%
Diego Godín
63%
Joshua Kimmich
63%
Marc-André Ter Stegen
63%
Mauro Icardi
63%
Sergio Busquets
63%
Casemiro
62%
Philippe Coutinho
62%
Koke
61%
Lorenzo Insigne
61%
Marcelo
61%
Ivan Rakitić
59%
Kalidou Koulibaly
59%
Memphis Depay
58%
Kyle Walker
56%
Alexandre Lacazette
55%
Arjen Robben
55%
Ciro Immobile
55%
Gonzalo Higuaín
54%
Isco
54%
Keylor Navas
54%
Timo Werner
54%
Dani Carvajal
52%
Andy Robertson
51%
Samuel Umtiti
48%
Fernandinho
46%
Riyad Mahrez
46%
Gabriel Jesus
45%
James Rodríguez
44%
Toby Alderweireld
44%
Iago Aspas
42%
Jan Vertonghen
42%
Ivan Perišić
41%
Jorginho
41%
Mario Mandžukić
41%
Edin Džeko
39%
José Gimenez
39%
Benjamin Mendy
38%
Blaise Matuidi
37%
César Azpilicueta
37%
Miralem Pjanić
35%
Thiago Alcântara
34%
Sergej Milinkovic-Savic
32%
Nabil Fekir
31%
Florian Thauvin
30%
Joao Cancelo
30%
Kepa Arrizabalaga
27%
Lucas Hernandez
27%
Milan Skriniar
24%
Niklas Süle
23%
Saúl Niguez
23%
Hirving Lozano
20%
Axel Witsel
18%
Ante Rebic
15%
Alessio Romagnoli
13%
Thomas Meunier
10%
No matching quizzes found
Score Distribution
Percent of People with Each Score
Percentile by Number Answered
Your Score History
You have not taken this quiz